| 000 | 01166nam a22002297a 4500 | ||
|---|---|---|---|
| 999 |
_c60206 _d60206 |
||
| 003 | Ge_BSU | ||
| 005 | 20230619112941.0 | ||
| 008 | 230619s2005 ge ||||| |||| 00| 0 geo d | ||
| 020 | _a9994038109 | ||
| 041 | _ageo | ||
| 080 | _a314(479.22) თ-68 | ||
| 100 |
_aთოთაძე, ანზორ _918799 |
||
| 245 |
_aსომეხი ვაი-მეცნიერების ანტიქართული ისტერია / _cანზორ თოთაძე; [რედ.: მარიამ ლორთქიფანიძე]. |
||
| 264 |
_aთბილისი : _b თბილ. უნ-ტის გამ-ბა, _c2005. |
||
| 300 |
_a67გვ. ; _b20სმ. |
||
| 504 | _a ბიბლიოგრ. ტექსტ. შენიშვნ. | ||
| 653 | _aმეცნიერების ფალსიფიკაცია. | ||
| 653 | _aსაქართველოს დემოგრაფი | ||
| 653 | _aსაქართველოს ისტორიის გაყალბება | ||
| 700 |
_aლორთქიფანიძე, მარიამ _eრედაქტორი _918800 |
||
| 942 |
_2udc _cBK |
||